| 000 | 00363nam a2200157Ia 4500 | ||
|---|---|---|---|
| 003 | 0STCL | ||
| 008 | 150530s9999 xx 000 0 und d | ||
| 040 |
_aSTCL _cSTCL |
||
| 100 | _aGordon, G. | ||
| 245 | _aPoetry and the moderns | ||
| 260 |
_bOxford Clarendon press _c1935 |
||
| 546 | _aEnglish | ||
| 942 |
_2ddc _cBK |
||
| 999 |
_c51523 _d51523 |
||
| 005 | 20220125170842.0 | ||